[Event "Lichtenberger Sommer 2017"]
[Site "Berlin"]
[Date "2017.08.20"]
[Round "2.26"]
[White "Mätzkow, Maximilian Paul"]
[Black "Bender, Leon"]
[Result "1-0"]
[WhiteElo "2172"]
[BlackElo "2016"]
[PlyCount "59"]
[EventDate "2017.??.??"]
[WhiteTeam "ESV Eberswalde"]
[BlackTeam "Sfr. Kelkheim"]

1. d4 Nf6 2. c4 e6 3. Nf3 d5 4. Nc3 Bb4 5. Qc2 dxc4 6. e3 b5 7. a4 c6 8. Bd2
O-O 9. axb5 Bxc3 10. Bxc3 cxb5 11. b3 Bb7 12. bxc4 Be4 13. Bd3 Bxd3 14. Qxd3
bxc4 15. Qxc4 Qd5 16. Qd3 a5 17. O-O Nbd7 18. Nd2 Rfb8 19. e4 Qb5 20. Qg3 Rc8
21. Rfc1 a4 22. d5 exd5 23. e5 Ne8 24. Nf3 Qd3 25. Qg4 Rxc3 26. Qxd7 Rxc1+ 27.
Rxc1 a3 28. e6 fxe6 29. Qxe6+ Kh8 30. Ne5 1-0

[Event "Lichtenberger Sommer 2017"]
[Site "Berlin"]
[Date "2017.08.20"]
[Round "2.27"]
[White "Schubert, Joachim"]
[Black "Behrmann, Joachim"]
[Result "1/2-1/2"]
[WhiteElo "1893"]
[BlackElo "2206"]
[PlyCount "81"]
[EventDate "2017.??.??"]
[WhiteTeam "SC Friesen Lichtenberg"]
[BlackTeam "SK Zehlendorf"]

1. e4 e5 2. Nf3 Nc6 3. Bb5 a6 4. Ba4 d6 5. h3 Nf6 6. O-O Be7 7. Re1 b5 8. Bb3
O-O 9. c3 Nb8 10. d4 Nbd7 11. Nbd2 Bb7 12. Bc2 Re8 13. Nf1 c5 14. d5 c4 15. Be3
a5 16. a3 Qc7 17. Ng3 Nc5 18. Nd2 Bc8 19. Qe2 Ba6 20. Qf3 Reb8 21. Nf5 Bf8 22.
Bg5 Ne8 23. Qg3 b4 24. axb4 axb4 25. Re3 f6 26. Bh4 bxc3 27. Rxc3 Bb5 28. Rxa8
Rxa8 29. Nxc4 Ra1+ 30. Kh2 Qa7 31. Na3 Ba4 32. Qe3 Qb7 33. Bxa4 Nxa4 34. Rb3
Qa6 35. Rb8 Kf7 36. Qb3 Nc5 37. Qb5 Qxb5 38. Nxb5 Nxe4 39. Rb7+ Kg8 40. Rb8 Kf7
41. Rb7+ 1/2-1/2

[Event "Lichtenberger Sommer 2017"]
[Site "Berlin"]
[Date "2017.08.20"]
[Round "2.28"]
[White "Amelang, Thomas"]
[Black "Schmidt, Jürgen"]
[Result "1/2-1/2"]
[WhiteElo "2178"]
[BlackElo "1952"]
[PlyCount "86"]
[EventDate "2017.??.??"]
[WhiteTeam "Münchener SC"]
[BlackTeam "SC Kreuzberg"]

1. e4 e5 2. Nf3 Nc6 3. Bb5 a6 4. Ba4 Nf6 5. O-O b5 6. Bb3 Be7 7. Re1 O-O 8. c3
d6 9. d3 Na5 10. Bc2 c5 11. Nbd2 h6 12. Nf1 Nh7 13. Ng3 Ng5 14. Nxg5 Bxg5 15.
Rf1 Bf4 16. Ne2 Bxc1 17. Qxc1 Bg4 18. f3 Be6 19. f4 f5 20. Qe3 Qe7 21. exf5
Bxf5 22. Ng3 Bh7 23. b4 cxb4 24. cxb4 Nc6 25. Bb3+ Kh8 26. Bd5 Rac8 27. Bxc6
Rxc6 28. fxe5 Rxf1+ 29. Rxf1 dxe5 30. d4 Re6 31. d5 Rd6 32. Rc1 Rd8 33. Rc5 a5
34. Rxb5 axb4 35. Qc5 Qxc5+ 36. Rxc5 Bg8 37. Rb5 Bxd5 38. Rxb4 Bxa2 39. Rb2 Bc4
40. Kf2 Rf8+ 41. Ke3 Bd5 42. Rd2 Bb7 43. Ne4 Bxe4 1/2-1/2

[Event "Lichtenberger Sommer 2017"]
[Site "Berlin"]
[Date "2017.08.20"]
[Round "2.29"]
[White "Landt, Stefan"]
[Black "Moser, Axel"]
[Result "0-1"]
[WhiteElo "1913"]
[BlackElo "2159"]
[PlyCount "46"]
[EventDate "2017.??.??"]
[WhiteTeam "SV Berolina Mitte"]
[BlackTeam "SC Kreuzberg"]

1. d4 Nf6 2. c4 c5 3. Nf3 g6 4. Nc3 Bg7 5. e4 O-O 6. e5 Ne8 7. h4 cxd4 8. Qxd4
Nc6 9. Qe4 d6 10. h5 dxe5 11. hxg6 fxg6 12. Qh4 h5 13. Qg3 Nb4 14. Nd5 Nc2+ 15.
Kd1 Nxa1 16. Bd3 Bg4 17. Bg5 Nf6 18. Bxf6 exf6 19. Bxg6 Rc8 20. b3 b5 21. Bh7+
Kf7 22. Kc1 Qxd5 23. Rd1 Bh6+ 0-1

[Event "Lichtenberger Sommer 2017"]
[Site "Berlin"]
[Date "2017.08.20"]
[Round "2.30"]
[White "Dittrich, Tom"]
[Black "Stark, Ingo"]
[Result "1-0"]
[WhiteElo "1943"]
[BlackElo "2161"]
[PlyCount "73"]
[EventDate "2017.??.??"]
[WhiteTeam "SG Stadtilm"]
[BlackTeam "TSG Oberschöneweide"]

1. e4 c5 2. Nf3 d6 3. d4 cxd4 4. Nxd4 Nf6 5. Nc3 a6 6. Bg5 Nbd7 7. Qe2 e6 8. f4
Be7 9. O-O-O O-O 10. g4 Qc7 11. Bg2 Re8 12. h4 Rb8 13. Bxf6 Bxf6 14. g5 Be7 15.
h5 Bf8 16. g6 fxg6 17. hxg6 h6 18. f5 Nf6 19. Qd3 Kh8 20. Nf3 b5 21. Ng5 b4 22.
Ne2 a5 23. Nf4 exf5 24. exf5 Qc5 25. Nf7+ Kg8 26. Qb3 Qe3+ 27. Qxe3 Rxe3 28.
Nd5 Re2 29. Nxf6+ gxf6 30. Bd5 Kg7 31. Rdf1 Bxf5 32. Rxf5 Kxg6 33. Rff1 Rc8 34.
Rhg1+ Kh7 35. Bb3 Be7 36. Rh1 d5 37. Nxh6 1-0

[Event "Lichtenberger Sommer 2017"]
[Site "Berlin"]
[Date "2017.08.20"]
[Round "2.31"]
[White "Hesse, Henrik"]
[Black "Lischeid, Kilian"]
[Result "1-0"]
[WhiteElo "2124"]
[BlackElo "1719"]
[PlyCount "63"]
[EventDate "2017.??.??"]
[WhiteTeam "SV Mattnetz Berlin"]
[BlackTeam "SF Friedrichshagen"]

1. c4 e5 2. g3 Nc6 3. Bg2 Nf6 4. Nc3 Bc5 5. e3 d6 6. Nge2 O-O 7. O-O h6 8. h3
Bb6 9. a3 a5 10. d4 exd4 11. Nxd4 Bd7 12. b3 Qc8 13. g4 Nxd4 14. exd4 Re8 15.
Be3 c6 16. Bf4 Bc7 17. d5 c5 18. a4 Re7 19. Qf3 Nh7 20. Qg3 Qb8 21. Ne4 g5 22.
Bxd6 Bxd6 23. Qxd6 Qxd6 24. Nxd6 Rb8 25. Rfe1 Kf8 26. Rxe7 Kxe7 27. Nxb7 Rxb7
28. d6+ Kxd6 29. Bxb7 Nf6 30. Rd1+ Ke5 31. Bd5 Be8 32. Rd3 1-0

[Event "Lichtenberger Sommer 2017"]
[Site "Berlin"]
[Date "2017.08.20"]
[Round "2.32"]
[White "Schmidt, David"]
[Black "Möller, Dustin"]
[Result "0-1"]
[WhiteElo "1917"]
[BlackElo "2081"]
[PlyCount "100"]
[EventDate "2017.??.??"]
[WhiteTeam "Empor Potsdam"]
[BlackTeam "Eckernförder SC"]

1. d4 e6 2. Bf4 Nf6 3. e3 d5 4. c3 c5 5. Nd2 Nc6 6. Ngf3 Bd6 7. Bg3 O-O 8. Bd3
b6 9. Qe2 Bb7 10. Rd1 cxd4 11. exd4 Ne7 12. Nf1 Nf5 13. Ne3 Ne4 14. Bxd6 Nfxd6
15. O-O Qe8 16. Nd2 f5 17. f3 Nf6 18. Nc2 Rf7 19. Rde1 Re7 20. f4 Rc8 21. Nf3
b5 22. a3 Nfe4 23. Ne5 g6 24. Ne3 a5 25. Rf3 Nc4 26. Nd1 Ba8 27. Rh3 Rec7 28.
g4 Nxe5 29. fxe5 b4 30. axb4 axb4 31. Bxe4 fxe4 32. Rf1 Bc6 33. Rf6 Ba4 34. Nf2
bxc3 35. bxc3 Rxc3 36. Rxc3 Rxc3 37. g5 Rc1+ 38. Kg2 Rc2 39. Qa6 e3 40. Rxe6
Rxf2+ 41. Kg1 Qb5 42. Rxg6+ hxg6 43. Qxg6+ Kf8 44. Qd6+ Ke8 45. Qe6+ Kd8 46.
Qd6+ Kc8 47. Qe6+ Kb7 48. Qe7+ Ka6 49. Qd6+ Ka5 50. Qc7+ Kb4 0-1

[Event "Lichtenberger Sommer 2017"]
[Site "Berlin"]
[Date "2017.08.20"]
[Round "2.33"]
[White "Elsing, Jan"]
[Black "Dreke, Frank"]
[Result "1/2-1/2"]
[WhiteElo "2140"]
[BlackElo "1958"]
[PlyCount "73"]
[EventDate "2017.??.??"]
[WhiteTeam "SC Friesen Lichtenberg"]
[BlackTeam "SV Mattnetz Berlin"]

1. c4 c5 2. Nc3 Nc6 3. g3 g6 4. Bg2 Bg7 5. d3 e5 6. Nf3 Nge7 7. O-O O-O 8. Ne1
d6 9. Nc2 Rb8 10. Rb1 Be6 11. Ne3 a6 12. Bd2 Qd7 13. Ned5 b5 14. Qc1 b4 15.
Nxe7+ Nxe7 16. Nd5 f6 17. Nxe7+ Qxe7 18. Bd5 Bxd5 19. cxd5 e4 20. Qc4 f5 21.
Qxa6 Ra8 22. Qc4 Rfe8 23. Be3 exd3 24. exd3 Qa7 25. Bf4 Be5 26. Rfe1 Qxa2 27.
b3 Bd4 28. Rxe8+ Rxe8 29. Rf1 Re2 30. Qb5 Qxb3 31. Qb8+ Kf7 32. Qxd6 Qxd3 33.
Bh6 Re8 34. Qd7+ Re7 35. Qd8 Re8 36. Qd7+ Re7 37. Qd8 1/2-1/2

[Event "Lichtenberger Sommer 2017"]
[Site "Berlin"]
[Date "2017.08.20"]
[Round "2.34"]
[White "Matitschka, Heinz"]
[Black "Roth, Josef"]
[Result "1/2-1/2"]
[WhiteElo "1910"]
[BlackElo "2032"]
[PlyCount "47"]
[EventDate "2017.??.??"]
[WhiteTeam "TSG Oberschöneweide"]
[BlackTeam "SK König Tegel"]

1. d4 Nf6 2. c4 g6 3. Nc3 d5 4. cxd5 Nxd5 5. e4 Nxc3 6. bxc3 Bg7 7. Qa4+ Nd7 8.
Nf3 O-O 9. Bg5 c5 10. Rc1 cxd4 11. cxd4 Nf6 12. Bd3 Bd7 13. Qa3 Bg4 14. O-O
Bxf3 15. gxf3 Qxd4 16. Rfd1 Qe5 17. Rc5 Qb8 18. Bf1 b6 19. Rc2 Rd8 20. Rxd8+
Qxd8 21. Qc1 Ne8 22. Ba6 Nd6 23. Rc7 Bf8 24. Qc6 1/2-1/2

[Event "Lichtenberger Sommer 2017"]
[Site "Berlin"]
[Date "2017.08.20"]
[Round "2.35"]
[White "Jahn, Thomas"]
[Black "Plaza Reino, Mercedes"]
[Result "1-0"]
[WhiteElo "2191"]
[BlackElo "1824"]
[PlyCount "49"]
[EventDate "2017.??.??"]
[WhiteTeam "SV Empor Berlin"]
[BlackTeam "Enniscorthy Chess Club"]

1. e4 c5 2. Nf3 e6 3. d4 cxd4 4. Nxd4 a6 5. g3 Qc7 6. Bg2 Nf6 7. O-O Be7 8. Re1
d6 9. Nc3 O-O 10. a4 Nc6 11. Nxc6 bxc6 12. a5 Rb8 13. b3 Nd7 14. Bb2 Rd8 15.
Qd2 Nc5 16. Nd1 d5 17. e5 Nd7 18. Ra4 c5 19. Ne3 c4 20. Bd4 cxb3 21. cxb3 Rxb3
22. Bxd5 Nxe5 23. Bg2 Rb5 24. Qe2 Qb8 25. Bb6 1-0

[Event "Lichtenberger Sommer 2017"]
[Site "Berlin"]
[Date "2017.08.20"]
[Round "2.36"]
[White "Nabel, Matthias"]
[Black "Buehler, Florian"]
[Result "0-1"]
[WhiteElo "1940"]
[BlackElo "2063"]
[PlyCount "120"]
[EventDate "2017.??.??"]
[WhiteTeam "SV Motor Wildau"]
[BlackTeam "Spgem Kötz/Ichenhausen"]

1. d4 f5 2. g3 Nf6 3. Bg2 d6 4. Nf3 g6 5. O-O Bg7 6. c4 O-O 7. Nc3 Qe8 8. Re1
c6 9. e4 fxe4 10. Nxe4 Nxe4 11. Rxe4 Qf7 12. Qe2 Re8 13. Ng5 Qf8 14. Rf4 Bf6
15. Ne6 Bxe6 16. Qxe6+ Qf7 17. Bh3 Qxe6 18. Bxe6+ Kg7 19. Bd2 Na6 20. Ba5 b6
21. Bc3 Rad8 22. Re1 d5 23. c5 bxc5 24. dxc5 Nxc5 25. Rf3 Ne4 26. h4 Rd6 27.
Bh3 Nxc3 28. bxc3 e5 29. Rb1 Re7 30. Re3 c5 31. Re2 e4 32. Rc2 d4 33. cxd4 cxd4
34. Rc4 e3 35. fxe3 dxe3 36. Re1 Rd2 37. a4 e2 38. Rcc1 Bd4+ 39. Kg2 Rf7 40.
Bg4 Rf2+ 41. Kh3 h5 42. Bc8 Bb6 43. Ba6 Rb2 44. Rb1 Rxb1 45. Rxb1 Ba5 46. Rb7+
Kf6 47. Bxe2 Rxe2 48. Rxa7 Bc3 49. Ra6+ Kf5 50. Rd6 Be5 51. Rd3 Ra2 52. Rf3+
Ke4 53. Rf1 Ra3 54. Re1+ Kf5 55. Rf1+ Ke6 56. Rg1 Rxa4 57. Rg2 Ra3 58. Rg1
Rxg3+ 59. Rxg3 Bxg3 60. Kxg3 Ke5 0-1

[Event "Lichtenberger Sommer 2017"]
[Site "Berlin"]
[Date "2017.08.20"]
[Round "2.37"]
[White "Rohde, Wolfgang"]
[Black "Wachtel, Arthur"]
[Result "1/2-1/2"]
[WhiteElo "2125"]
[BlackElo "1803"]
[PlyCount "56"]
[EventDate "2017.??.??"]
[WhiteTeam "SC Friesen Lichtenberg"]
[BlackTeam "SK Freising"]

1. Nf3 g6 2. c4 Bg7 3. g3 Nf6 4. Bg2 O-O 5. O-O d6 6. d4 Nbd7 7. Nc3 c5 8. h3
Rb8 9. Be3 Qc7 10. Nb5 Qa5 11. dxc5 a6 12. Nbd4 Nxc5 13. Nd2 Qc7 14. b4 Ne6 15.
Rc1 Nxd4 16. Bxd4 Be6 17. Ba7 Ra8 18. Be3 Qd7 19. Kh2 Rac8 20. a4 d5 21. Nf3
Rxc4 22. Rxc4 dxc4 23. Qxd7 Bxd7 24. Ne5 Bxa4 25. Nxc4 Bb5 26. Nb6 Bxe2 27. Re1
Bb5 28. Bc5 Re8 1/2-1/2

[Event "Lichtenberger Sommer 2017"]
[Site "Berlin"]
[Date "2017.08.20"]
[Round "2.38"]
[White "Keusch, Horst"]
[Black "Segerberg, Tomas"]
[Result "0-1"]
[WhiteElo "1976"]
[BlackElo "2077"]
[PlyCount "68"]
[EventDate "2017.??.??"]
[WhiteTeam "SC Eintracht Berlin"]
[BlackTeam "SG NARVA Berlin"]

1. f4 d5 2. Nf3 Nc6 3. e3 Bg4 4. h3 Bxf3 5. Qxf3 e6 6. Bb5 Qd7 7. d4 f5 8. Nd2
Nf6 9. c4 Bb4 10. O-O Bxd2 11. Bxd2 O-O 12. Rac1 a6 13. Ba4 Ne4 14. Be1 dxc4
15. Bc2 Nd6 16. d5 exd5 17. Qxd5+ Kh8 18. Rd1 Qe7 19. Rf3 Rad8 20. Qc5 Qe6 21.
Bc3 Rf7 22. Rg3 Rdf8 23. Kh2 Nb8 24. Rxg7 Rxg7 25. Qxc7 Nf7 26. e4 fxe4 27. Rd4
Kg8 28. Bxe4 Nc6 29. Bd5 Qe7 30. Qb6 Qe3 31. Bxc6 bxc6 32. Qxc6 Rg6 33. Qd5 Rd8
34. Re4 Qg3+ 0-1

[Event "Lichtenberger Sommer 2017"]
[Site "Berlin"]
[Date "2017.08.20"]
[Round "2.39"]
[White "Guenther, Thomas"]
[Black "Bandlow, Matthias"]
[Result "1/2-1/2"]
[WhiteElo "2061"]
[BlackElo "1945"]
[PlyCount "118"]
[EventDate "2017.??.??"]
[WhiteTeam "SV Senat (FV Schach)"]
[BlackTeam "Borussia Friedrichsfelde"]

1. d4 d5 2. Nf3 e6 3. c4 Nf6 4. Nc3 Be7 5. e3 O-O 6. Bd3 dxc4 7. Bxc4 c5 8. O-O
cxd4 9. exd4 Nbd7 10. Qe2 Nb6 11. Bd3 Nbd5 12. Re1 a6 13. Bd2 Qd6 14. g3 Rd8
15. Rad1 g6 16. Nxd5 Nxd5 17. h4 b5 18. h5 Bf6 19. Bg5 Bb7 20. hxg6 hxg6 21.
Be4 Qe7 22. Qd2 Bxg5 23. Qxg5 Qxg5 24. Nxg5 Rd6 25. Bg2 Rad8 26. Ne4 R6d7 27.
Nc5 Rc7 28. Nxb7 Rxb7 29. Rc1 Rb6 30. a3 Ne7 31. d5 Nxd5 32. Red1 Rbd6 33. Rc5
Nb6 34. Rxd6 Rxd6 35. Bf1 Nd5 36. Rc8+ Kg7 37. Ra8 Nc7 38. Rc8 Rc6 39. Kg2 Kf6
40. Bd3 Rc5 41. Kf3 a5 42. Rb8 Ke5 43. Ke3 b4 44. f4+ Kf6 45. axb4 axb4 46. Kd4
Rd5+ 47. Ke4 Rh5 48. Rxb4 g5 49. Rb7 Nd5 50. f5 Rh3 51. fxe6 fxe6 52. Kf3 Rh1
53. Bc4 Rd1 54. Bxd5 Rxd5 55. Rb4 Rf5+ 56. Kg4 Rd5 57. Rb7 Rd4+ 58. Kh5 Rd3 59.
Kg4 Rd4+ 1/2-1/2

[Event "Lichtenberger Sommer 2017"]
[Site "Berlin"]
[Date "2017.08.20"]
[Round "2.40"]
[White "Matitschka, Johannes"]
[Black "Schliebener, Stephan"]
[Result "0-1"]
[WhiteElo "1780"]
[BlackElo "2126"]
[PlyCount "72"]
[EventDate "2017.??.??"]
[WhiteTeam "TSG Oberschöneweide"]
[BlackTeam "BSV 63 Chemie Weißensee"]

1. e4 c5 2. Nf3 a6 3. d3 d6 4. g3 g6 5. Bg2 Bg7 6. Nbd2 e6 7. Nc4 b5 8. Ne3 Bb7
9. O-O Nd7 10. Rb1 Ne7 11. Re1 O-O 12. h4 Nf6 13. Nh2 e5 14. Neg4 Nxg4 15. Qxg4
Bc8 16. Qe2 Ra7 17. h5 f5 18. Bg5 Qe8 19. h6 Bf6 20. Bxf6 Rxf6 21. f4 exf4 22.
gxf4 fxe4 23. Qxe4 Qf8 24. Rf1 Qxh6 25. Rbe1 Qf8 26. Re2 Re6 27. Qf3 Rxe2 28.
Qxe2 Nf5 29. Bd5+ Kg7 30. Qf2 Re7 31. Nf3 Ne3 32. Qh4 Nxd5 33. Ng5 h6 34. Ne4
Rf7 35. Qg3 Rxf4 36. Re1 Rg4 0-1

[Event "Lichtenberger Sommer 2017"]
[Site "Berlin"]
[Date "2017.08.20"]
[Round "2.41"]
[White "Grassi, Fabrizio"]
[Black "Kornrumpf, Joachim"]
[Result "0-1"]
[WhiteElo "1868"]
[BlackElo "2074"]
[PlyCount "102"]
[EventDate "2017.??.??"]
[WhiteTeam "SV Berlin-Friedrichstadt"]
[BlackTeam "Preetzer TSV"]

1. d4 Nf6 2. Bf4 e6 3. e3 c5 4. c3 Be7 5. Nd2 O-O 6. Bd3 d6 7. Ngf3 Nc6 8. Qe2
cxd4 9. exd4 Re8 10. O-O Bd7 11. Nc4 Qc7 12. a4 Rad8 13. Rfe1 Bc8 14. Qc2 h6
15. h3 b6 16. Na3 Bb7 17. Nb5 Qb8 18. Rad1 a6 19. Na3 Rc8 20. Qe2 Qa7 21. Nc4
Rcd8 22. Bb1 b5 23. axb5 axb5 24. Na3 b4 25. Nb5 Qb6 26. c4 Ba6 27. Be3 d5 28.
b3 Na5 29. Bc2 dxc4 30. bxc4 Nxc4 31. Qxc4 Bxb5 32. Qb3 Nd5 33. Ne5 Rc8 34. Ra1
Bf6 35. Be4 Rc3 36. Qb2 Nxe3 37. fxe3 Bxe5 38. dxe5 Rxe3 39. Kh2 Rxe1 40. Rxe1
Qc5 41. Rc1 Qe3 42. Bf3 Rd8 43. Ra1 Rd2 44. Ra8+ Kh7 45. Be4+ g6 46. Qb1 Qf4+
47. Kh1 Qxe5 48. Ra7 Rd7 49. Rxd7 Bxd7 50. Qxb4 Kg7 51. Bf3 Bb5 0-1

[Event "Lichtenberger Sommer 2017"]
[Site "Berlin"]
[Date "2017.08.20"]
[Round "2.42"]
[White "Heuser, Philip"]
[Black "Dellert, Lena"]
[Result "1/2-1/2"]
[WhiteElo "2041"]
[BlackElo "1851"]
[PlyCount "118"]
[EventDate "2017.??.??"]
[WhiteTeam "Münchener SC"]
[BlackTeam "SF Wadgassen"]

1. d4 d5 2. c4 e6 3. Nc3 Nf6 4. cxd5 exd5 5. Bg5 Be7 6. e3 h6 7. Bh4 O-O 8. Bd3
b6 9. Nf3 Bb7 10. O-O Ne4 11. Bxe7 Qxe7 12. Qb3 c6 13. Bxe4 dxe4 14. Ne5 Kh7
15. Nxe4 f6 16. Qc2 g6 17. Nf3 Nd7 18. Nc3 c5 19. Rfe1 Bxf3 20. gxf3 cxd4 21.
exd4 Qf7 22. Re3 Rfe8 23. Rae1 f5 24. Qe2 Nf6 25. Re7 Kg8 26. Qe6 Rxe7 27. Qxe7
Re8 28. Qxf7+ Kxf7 29. Rxe8 Nxe8 30. Kf1 Ke6 31. Ke2 Nc7 32. Kd3 Kd6 33. Kc4 a6
34. Kd3 b5 35. Ne2 Nd5 36. Nc3 Nc7 37. Ke3 Ne6 38. Ne2 g5 39. f4 Kd5 40. fxg5
hxg5 41. Nc3+ Kd6 42. a3 Nf4 43. Ne2 Nd5+ 44. Kf3 Nf6 45. Nc3 Kc6 46. h3 a5 47.
Ke3 b4 48. axb4 axb4 49. Ne2 Nd5+ 50. Kd3 Kb5 51. b3 Kc6 52. Ng3 Nf4+ 53. Ke3
Nxh3 54. Nxf5 Kd5 55. Ne7+ Kd6 56. Nf5+ Kd5 57. Ng3 Nf4 58. f3 Ng2+ 59. Kf2 Nf4
1/2-1/2

[Event "Lichtenberger Sommer 2017"]
[Site "Berlin"]
[Date "2017.08.20"]
[Round "2.43"]
[White "Hahlbohm, Matthias"]
[Black "Schulz, Toni"]
[Result "1-0"]
[WhiteElo "2106"]
[BlackElo "1878"]
[PlyCount "79"]
[EventDate "2017.??.??"]
[WhiteTeam "TSG Oberschöneweide"]
[BlackTeam "ESV Lok Raw Cottbus"]

1. e4 d5 2. e5 Bf5 3. d4 e6 4. Bd3 Bxd3 5. Qxd3 c6 6. f4 Ne7 7. Nf3 Nf5 8. O-O
Nd7 9. Kh1 h5 10. c3 Be7 11. Be3 g6 12. Nbd2 Qb6 13. b4 h4 14. Rfb1 a6 15. a4
O-O 16. Bf2 Kg7 17. Nb3 Qc7 18. Rb2 Rh8 19. Kg1 Nb6 20. Nfd2 g5 21. a5 Nd7 22.
fxg5 Bxg5 23. Nf3 Be7 24. Nc5 Rag8 25. Be3 Kf8 26. Rf1 Ke8 27. Rbf2 Nf8 28. Ne1
Nh7 29. Nf3 Rg7 30. h3 Rhg8 31. Bf4 Ng5 32. Kh2 Ng3 33. Rb1 N5e4 34. Rc2 Kd8
35. c4 dxc4 36. Qxc4 Bxc5 37. bxc5 Qxa5 38. Rxb7 Kc8 39. Rb1 Nh5 40. Bc1 1-0

[Event "Lichtenberger Sommer 2017"]
[Site "Berlin"]
[Date "2017.08.20"]
[Round "2.44"]
[White "Eisheh, Jens-Tarek"]
[Black "Neumann, Thomas"]
[Result "1/2-1/2"]
[WhiteElo "1879"]
[BlackElo "2128"]
[PlyCount "65"]
[EventDate "2017.??.??"]
[WhiteTeam "Lübecker SV"]
[BlackTeam "Borussia Friedrichsfelde"]

1. e4 d5 2. exd5 Qxd5 3. Nf3 Bg4 4. Be2 Nc6 5. d4 Nf6 6. Bf4 O-O-O 7. c4 Qa5+
8. Bd2 Qb6 9. c5 Qxb2 10. Bc3 Nxd4 11. Bxb2 Nxf3+ 12. Bxf3 Rxd1+ 13. Bxd1 Bxd1
14. Kxd1 Ne4 15. Ke2 Nxc5 16. Nd2 f6 17. f4 e6 18. Ba3 Bd6 19. Rhc1 b6 20. Bxc5
Bxc5 21. Ne4 Bd4 22. Rab1 Kb7 23. Rc4 e5 24. Nc5+ Kc8 25. Ne6 c5 26. Kf3 Re8
27. Nxg7 e4+ 28. Ke2 Rg8 29. Rbc1 Kb7 30. Nf5 Rxg2+ 31. Kf1 Rg1+ 32. Ke2 Rg2+
33. Kf1 1/2-1/2

[Event "Lichtenberger Sommer 2017"]
[Site "Berlin"]
[Date "2017.08.20"]
[Round "2.45"]
[White "Sabrowski, Uwe"]
[Black "Bui, Bao Anh Le"]
[Result "1/2-1/2"]
[WhiteElo "2122"]
[BlackElo "1775"]
[PlyCount "44"]
[EventDate "2017.??.??"]
[WhiteTeam "SC Friesen Lichtenberg"]
[BlackTeam "SV Mattnetz Berlin"]

1. d4 d5 2. Nf3 e6 3. c4 c6 4. cxd5 exd5 5. Nc3 Bd6 6. Bg5 Ne7 7. e3 f6 8. Bh4
Bf5 9. Bg3 O-O 10. Qb3 Bxg3 11. hxg3 Qb6 12. Qa3 Ng6 13. Na4 Qa5+ 14. b4 Qc7
15. Rc1 Qd6 16. Nc5 b6 17. Na4 Nd7 18. Ba6 Rab8 19. Qc3 b5 20. Nc5 Nb6 21. O-O
Ne7 22. Nd2 Rfd8 1/2-1/2

[Event "Lichtenberger Sommer 2017"]
[Site "Berlin"]
[Date "2017.08.20"]
[Round "2.46"]
[White "Fock, Sana"]
[Black "Krüger, Robin-Kevin"]
[Result "0-1"]
[WhiteElo "1584"]
[BlackElo "1930"]
[PlyCount "94"]
[EventDate "2017.??.??"]
[WhiteTeam "SC Zugzwang 95 (Berlin)"]
[BlackTeam "MTV Tostedt"]

1. e4 e5 2. Nc3 Nf6 3. g3 Bc5 4. Bg2 Nc6 5. d3 d6 6. h3 a6 7. Nge2 Nd4 8. Nxd4
Bxd4 9. Ne2 Ba7 10. O-O O-O 11. Kh2 d5 12. Bg5 dxe4 13. Bxf6 Qxf6 14. d4 exd4
15. Bxe4 Re8 16. Qd3 g6 17. Nf4 c6 18. Rae1 Bd7 19. Qb3 b5 20. Qd3 Rad8 21. a4
Bb8 22. Ne2 c5 23. Bg2 Bf5 24. Qd2 Be4 25. axb5 axb5 26. Bxe4 Rxe4 27. Ng1 Rxe1
28. Qxe1 Qc6 29. Qa5 Bc7 30. Qd2 Re8 31. Re1 Rxe1 32. Qxe1 Kg7 33. Qe2 Qf6 34.
Qf3 c4 35. Qxf6+ Kxf6 36. Ne2 d3 37. cxd3 cxd3 38. Nc3 Ba5 39. Nd1 Ke5 40. Kg2
Kd4 41. Kf3 Bd2 42. g4 f5 43. gxf5 gxf5 44. Kg2 Kc4 45. f3 Kb3 46. Nf2 Kc2 47.
b3 Be3 0-1

[Event "Lichtenberger Sommer 2017"]
[Site "Berlin"]
[Date "2017.08.20"]
[Round "2.47"]
[White "Plaza Reino, Agustin"]
[Black "Lange, Gregor Sebastian"]
[Result "1-0"]
[WhiteElo "1963"]
[BlackElo "820"]
[PlyCount "27"]
[EventDate "2017.??.??"]
[WhiteTeam "Enniscorthy Chess Club"]
[BlackTeam "TSG Oberschöneweide"]

1. e4 e5 2. Nf3 Nc6 3. d4 exd4 4. Nxd4 Nf6 5. Nxc6 bxc6 6. e5 Nd5 7. c4 Ne7 8.
Bg5 h6 9. Bh4 f6 10. exf6 gxf6 11. Qh5+ Ng6 12. Qxg6+ Ke7 13. Qxf6+ Ke8 14.
Qg6# 1-0

[Event "Lichtenberger Sommer 2017"]
[Site "Berlin"]
[Date "2017.08.20"]
[Round "2.48"]
[White "Fontaine, Constantin"]
[Black "Albrecht, Rainer"]
[Result "0-1"]
[WhiteElo "1519"]
[BlackElo "2047"]
[PlyCount "90"]
[EventDate "2017.??.??"]
[WhiteTeam "SK Tempelhof 1931"]
[BlackTeam "SC Kreuzberg"]

1. Nf3 d5 2. g3 e6 3. Bg2 c5 4. c4 Nf6 5. O-O Nc6 6. b3 Be7 7. Bb2 O-O 8. d3
Re8 9. Nbd2 Bf8 10. cxd5 exd5 11. d4 cxd4 12. Nxd4 Bg4 13. N2f3 Nxd4 14. Bxd4
Ne4 15. Ne5 Be6 16. Qd3 f6 17. Nf3 Qa5 18. a3 Rac8 19. b4 Qa4 20. Nd2 Nxd2 21.
Qxd2 a6 22. Be3 Red8 23. Bf4 Rc4 24. Qe3 Qd7 25. Rfd1 g5 26. Bxg5 fxg5 27.
Qxg5+ Bg7 28. e4 h6 29. Qg6 Bf7 30. Qb6 Bxa1 31. Rxa1 Rc6 32. Qe3 d4 33. Qd3
Rdc8 34. e5 Rc1+ 35. Rxc1 Rxc1+ 36. Bf1 Qb5 37. Kg2 Bd5+ 38. Kh3 Qxd3 39. Bxd3
Rc3 40. Bf5 Rxa3 41. e6 Kf8 42. f4 Ke7 43. Kg4 Bxe6 44. Bxe6 Kxe6 45. Kh5 d3
0-1

[Event "Lichtenberger Sommer 2017"]
[Site "Berlin"]
[Date "2017.08.20"]
[Round "2.49"]
[White "Kretzschmar, Jan"]
[Black "Berger, Steve"]
[Result "0-1"]
[WhiteElo "1819"]
[BlackElo "2412"]
[PlyCount "82"]
[EventDate "2017.??.??"]
[WhiteTeam "SC Kreuzberg"]
[BlackTeam "SK König Tegel"]

1. d4 Nf6 2. c4 e6 3. Nf3 Bb4+ 4. Bd2 Qe7 5. g3 Nc6 6. Bg2 Bxd2+ 7. Nbxd2 O-O
8. O-O d6 9. a3 a5 10. b3 e5 11. dxe5 dxe5 12. e3 Bf5 13. Re1 Rad8 14. Ra2 e4
15. Nd4 Nxd4 16. exd4 Rxd4 17. Qa1 Qd7 18. Nf1 Rd3 19. b4 a4 20. Ne3 Bh3 21.
Bh1 h5 22. Qc1 Rd8 23. Rc2 c6 24. c5 Be6 25. Bg2 Rd2 26. Rxd2 Qxd2 27. Qxd2
Rxd2 28. Ra1 g6 29. h3 Rd4 30. Bf1 Nd7 31. Kg2 f5 32. Rc1 Ne5 33. b5 g5 34. Nc2
Rd2 35. Nb4 e3 36. Rc2 Rxc2 37. Nxc2 Bd5+ 38. f3 Bxf3+ 39. Kg1 e2 40. Bxe2 Bxe2
41. bxc6 bxc6 0-1

[Event "Lichtenberger Sommer 2017"]
[Site "Berlin"]
[Date "2017.08.20"]
[Round "2.50"]
[White "Miowitz, Torsten"]
[Black "Sivri, Gorkem"]
[Result "0-1"]
[WhiteElo "1857"]
[BlackElo "2148"]
[PlyCount "134"]
[EventDate "2017.??.??"]
[WhiteTeam "Lasker Steglitz-Wilmersdorf"]
[BlackTeam "Ordu Belediyespor"]

1. d4 Nf6 2. c4 d6 3. Nc3 Bf5 4. f3 e5 5. dxe5 dxe5 6. Qxd8+ Kxd8 7. e4 Be6 8.
Be3 c6 9. O-O-O+ Kc7 10. Bd3 Na6 11. b3 Bc5 12. Bxc5 Nxc5 13. Nge2 a5 14. Bc2
Nfd7 15. a4 Nb8 16. Kb2 Nba6 17. Nc1 f6 18. Nd3 Nd7 19. h3 Bf7 20. Rd2 h5 21.
Nf2 Nf8 22. Rhd1 Be6 23. Bd3 Re8 24. Bf1 Bc8 25. Rc1 Kb8 26. Rcd1 Ne6 27. Nd3
g5 28. Nf2 Nd4 29. Ne2 c5 30. Nc3 Be6 31. Nd5 Bxd5 32. cxd5 Nc7 33. Rc1 b6 34.
Be2 Rd8 35. Rh1 Ne8 36. Bd1 Nd6 37. Be2 Nc8 38. Bd3 Ne7 39. Nd1 Ng6 40. Ne3 Nf4
41. Nc2 Nxc2 42. Kxc2 g4 43. hxg4 hxg4 44. Rxh8 Rxh8 45. g3 Nh3 46. fxg4 Ng5
47. Rf2 Rh6 48. Kd2 Kc7 49. Ke3 Kd6 50. Kd2 Ke7 51. Kc3 Nf7 52. Rf5 Rh3 53. Rf3
Nd6 54. Bc2 Rh2 55. Re3 b5 56. Kd3 b4 57. Re2 c4+ 58. bxc4 Rxe2 59. Kxe2 Nxc4
60. Bd3 Nd6 61. Ke3 Nb7 62. Bb5 Nc5 63. Bd3 Nxa4 64. Kd2 Nc5 65. Kc2 Kd6 66.
Kd2 a4 67. Bb1 a3 0-1